000 00886nam a2200229 i 4500
001 182678
003 ES-MaACL
005 20250902225552.0
008 131009s2011 sp | |||||||| | spa d
020 _a978-84-92705-13-9
080 _a821.134.2-14"19"
100 1 _aZapata, Miguel Ángel.
_9153606
245 1 0 _aFragmentos de una manzana y otros poemas /
_cMiguel Ángel Zapata.
260 _aSevilla :
_bSibilina ;
_a[Bilbao] :
_bFundación BBVA,
_cimp. 2011.
300 _a96 p. ;
_c21 cm.
490 1 _aBiblioteca Sibila-Fundación BBVA de poesía en español ;
_v25. Inédito
830 0 _aBiblioteca Sibila-Fundación BBVA de poesía en español ;
_v25. Inédito
_9191809
852 _aES-MaACL
_jA-12832
_9189595
_bR.149046
_cDEPO1
_dOlim: N-5832
_xDonación: Fundación BBVA
914 _aFundación BBVA
_ednr
_94230
942 _2udc
_cMONOGRAFIA
999 _c182678
_d182678